| 000 | 00711nam a2200229 a 4500 | ||
|---|---|---|---|
| 005 | 20221006064433.0 | ||
| 008 | 010517s1999 r 000 0 eng d | ||
| 020 | _a8437603625 | ||
| 035 | _aUPN01000106313 | ||
| 049 | _aCG | ||
| 050 | 4 |
_aP302 _bL6.2 1999 |
|
| 100 | 1 | _aLozano, Jorge | |
| 245 | 1 | 0 |
_aAnálisis del discurso : _bhacia una semiótica de la interacción textual / _cJorge Lozano, Cristina Peña-Marín, Gonzalo Abril. |
| 250 | _a6a ed. | ||
| 260 |
_aMadrid : _bCátedra, _c1999. |
||
| 300 | _a253 p. | ||
| 440 | 0 | _aCrítica y estudios literarios | |
| 650 | 2 |
_aAnálisis del discurso _9232 |
|
| 700 | 1 |
_aPeña-Marín, Cristina, _ecoaut. |
|
| 700 | 1 |
_aAbril, Gonzalo, _ecoaut. |
|
| 905 | _aLibro | ||
| 999 |
_c80226 _d80226 |
||